Odvážne firmy sa neboja ratingu

Zmena pôvodnej Slovenskej ratingovej agentúry na Európsku ratingovú agentúru. Biznis, ktorý pomáha biznisu iných. Úloha ratingu. Nariadenie Európskeho parlamentu o ratingových agentúrach. Verejný rating. Nástroj na zvýšenie transparentnoti.

Gespeichert in:
Bibliographische Detailangaben
1. Verfasser: Žitňanský, Eduard
Format: Buchkapitel
Sprache:Slowakisch
Schlagworte:
Tags: Tag hinzufügen
Keine Tags, Fügen Sie das erste Tag hinzu!

MARC

LEADER 00000naa a2200000 4500
001 0205188
005 20231113083615.3
041 0 |a slo 
044 |a SK 
245 1 0 |a Odvážne firmy sa neboja ratingu  |c Eduard Žitňanský 
520 |a Zmena pôvodnej Slovenskej ratingovej agentúry na Európsku ratingovú agentúru. Biznis, ktorý pomáha biznisu iných. Úloha ratingu. Nariadenie Európskeho parlamentu o ratingových agentúrach. Verejný rating. Nástroj na zvýšenie transparentnoti. 
610 2 0 |a rating 
610 2 0 |a agentúry 
610 2 0 |a firmy 
610 2 0 |a samospráva 
610 2 0 |a fondy Európskej únie 
610 2 0 |a transparentnosť 
100 1 |a Žitňanský, Eduard